| 000 | 00587nam a2200181 a 4500 | ||
|---|---|---|---|
| 005 | 20140412111301.0 | ||
| 008 | 030414s19uu xx 00 eng d | ||
| 020 | _a0-673-11757-X | ||
| 050 |
_aTR(GS 512.2 _bC539 1975 |
||
| 100 | _aChinn, William G. | ||
| 245 |
_aMathematics around us : _bpractice and activities workbook / _cWilliam G. Chinn. |
||
| 250 | _aTeacher's Edition with Aids | ||
| 260 |
_aGlenview, Illinois : _bScott, Foresman and Company, _c1975. |
||
| 300 | _a128 p. ; ill. | ||
| 650 | _aMathematics--Juvenile literature | ||
| 650 | _aMath--Workbook | ||
| 999 |
_c103390 _d103390 |
||